000 02296nam0a2200409 4500
001 RU\NLR\BIBL_A\011189751
005 20170726161413.0
010 _a978-5-91961-185-1
_9300
021 _aRU
_b2016-56758
_93603
035 _a(NLR Aleph) 011189751
035 _a(NILC)RuMoRGB-008551354
090 _a11862321
_c11862321
100 _a20160808d2016 km y0rusy50 ca
101 0 _arus
102 _aRU
105 _aac||j|||000yy
200 1 _aПромысловая подготовка нефтяных и природных газов
_dField treatment of petroleum gases and natural gases
_eучебное пособие
_fЕ. П. Запорожец, Г.К. Зиберт, Е.Е. Запорожец [и др.]
210 _aМосква
_cРГУ нефти и газа
_d2016
215 _a417, [5] с.
_cил., портр.
_d24
320 _aБиблиогр. в конце разд.
510 1 _aField treatment of petroleum gases and natural gases
_zeng
606 _aНефтяные газы
_xГидратообразование
_jУчебные издания для высших учебных заведений
_2nlr_sh2
_3RU\NLR\AUTH\6601619363
606 1 _aУглеводородные газы
_xОсушка
_jУчебные издания для высших учебных заведений
_2nlr_sh1
_2nlr_sh2
_3RU\NLR\AUTH\661172689
606 1 _aНефтяные газы
_xСбор на промыслах
_jУчебные издания для высших учебных заведений
_2nlr_sh2
_3RU\NLR\AUTH\661570564
606 1 _aЕстественные газы
_xСбор на промыслах
_jУчебные издания для высших учебных заведений
_2nlr_sh1
_2nlr_sh2
_3RU\NLR\AUTH\66445809
675 _a622.32
686 1 _aИ362.081я73-1
686 1 _aЛ547.101.2я73-1
701 1 _aЗапорожец
_bЕ. П.
_gЕвгений Петрович
_3RU\NLR\AUTH\7770649
701 1 _aЗиберт
_bГ. К.
_gГенрих Карлович
_3RU\NLR\AUTH\7730175
701 1 _aЗапорожец
_bЕ. Е.
_gЕвгений Евгеньевич
801 0 _aRU
_bРГБ
_c20160718
_gRCR
942 _cBOOK
980 _aNBR
980 _aNB